Evaluation of Small and Medium-Sized Enterprises Operating in Short Supply Chains Within Slovak School Programmes

Hodnotenie výkonu malých a stredných podnikov v rámci podpory, zásobovania a distribúcie ovocia, zeleniny, mlieka a mliečnych produktov do škôlok a predškolských zariadení.

Saved in:
Bibliographic Details
Main Author: Floriš, Norbert
Other Authors: Schwarcz, Pavol
Format: Book Chapter
Language:English
Subjects:
Tags: Add Tag
No Tags, Be the first to tag this record!

MARC

LEADER 00000naa a2200000 4500
001 0263573
005 20221104110226.0
041 0 |a eng 
044 |a SK 
245 1 0 |a Evaluation of Small and Medium-Sized Enterprises Operating in Short Supply Chains Within Slovak School Programmes  |c Norbert Floriš, Pavol Schwarcz 
520 |a Hodnotenie výkonu malých a stredných podnikov v rámci podpory, zásobovania a distribúcie ovocia, zeleniny, mlieka a mliečnych produktov do škôlok a predškolských zariadení. 
610 2 0 |a podnik malý 
610 2 0 |a podnik stredný 
610 2 0 |a školstvo 
610 2 0 |a reťazce dodávateľsko-odberateľské 
610 2 0 |a potraviny 
100 1 |a Floriš, Norbert 
700 1 |a Schwarcz, Pavol